Enlightened citizenship (Record no. 519931)

000 -LEADER
fixed length control field 00243nam a22000977a 4500
082 ## - DEWEY DECIMAL CLASSIFICATION NUMBER
Classification number TNC B253 R161
100 ## - MAIN ENTRY--PERSONAL NAME
Personal name Swami Nishwananda
9 (RLIN) 31283
245 ## - TITLE STATEMENT
Title Enlightened citizenship
260 ## - PUBLICATION, DISTRIBUTION, ETC. (IMPRINT)
Place of publication, distribution, etc New Delhi
Name of publisher, distributor, etc Ram Krishna Mission
Date of publication, distribution, etc 1985
300 ## - PHYSICAL DESCRIPTION
Extent 475p.

No items available.

Powered by Koha